Statistiken für Länder mit 100 Millionen Menschen im Jahr 2100

Klicken Sie hier um das Quiz zu spielen!

Allgemein

  • Dieses Quiz wurde 168 mal gespielt
  • Das Durchschnittsergebnis liegt bei 17 aus 22

Antwortstatistiken

PopulationLand% Korrekt
1,064,993,459China
100%
1,450,420,839Indien
100%
433,853,891Vereinigte Staaten
97%
126,142,656Russland
94%
180,682,756Brasilien
93%
164,947,332Niger
93%
403,102,827Pakistan
91%
320,782,424Indonesien
90%
141,509,743Mexiko
89%
732,941,597Nigeria
89%
362,031,082Demokratische Republik Kongo
88%
224,735,180Ägypten
86%
294,392,896Äthiopien
82%
151,393,020Bangladesch
80%
146,327,435Philippinen
74%
142,342,349Sudan
68%
285,651,848Tansania
64%
125,423,854Kenia
62%
188,283,138Angola
58%
107,711,273Irak
47%
123,646,947Mosambik
44%
136,784,883Uganda
30%

Verteilung der Resultate

Perzentil nach korrekt beantworteten Fragen

Anzahl Personen mit jedem Resultat

Ihre Resultats-Entwicklung

Sie haben dieses Quiz noch nicht gespielt